| 000 | 00900nac a22002171u 4500 | ||
|---|---|---|---|
| 010 | _a2005296670 | ||
| 020 | _a007226134X (softcover) | ||
| 035 | _a(OCoLC)ocm60781539 | ||
| 082 | 0 | 4 |
_a005.71262 _bK379 |
| 090 |
_c522 _d522 |
||
| 100 | _aKeogh, James Edward, | ||
| 245 | 1 | 0 |
_aJavaScript demystified / _cJim Keogh. |
| 260 |
_aNew York : _bMcGraw-Hill/Osborne,2005 _c2005. |
||
| 300 |
_axxi, 375 p. : _bill. ; _c24 cm. |
||
| 500 | _aIncludes index. | ||
| 650 | 0 | _aJavaScript (Computer program language) | |
| 856 | 4 | 2 |
_3Contributor biographical information _uhttp://www.loc.gov/catdir/enhancements/fy0627/2005296670-b.html |
| 856 | 4 | 2 |
_3Publisher description _uhttp://www.loc.gov/catdir/enhancements/fy0627/2005296670-d.html |
| 942 |
_cBB _k005.71262K379 |
||
| 999 |
_c522 _d522 |
||